000
00294nam a2200121Ia 4500
005
20251222143248.0
008
251222s9999||||xx |||||||||||||| ||spa||
082
_a
262.15/J81R
100
_a
Juan Pablo II, Papa
245
0
_a
Juan Pablo II a los Religiosos
264
_b
Salesiana
942
_c
LIB
999
_c
14865
_d
14865